[Event "EU-chT (Women) 22nd"]
[Site "Batumi"]
[Date "2019.10.24"]
[Round "1.1"]
[White "Gunina, Valentina"]
[Black "Nesterovskaya, Anzhelika"]
[Result "1-0"]
[WhiteElo "2509"]
[BlackElo "2124"]
[PlyCount "75"]
[EventDate "2019.10.24"]
[EventType "team-swiss"]
[EventRounds "9"]
[EventCountry "GEO"]
[SourceTitle "CBM 192 Extra"]
[Source "Chessbase"]
[SourceDate "2019.11.06"]
[SourceVersion "1"]
[SourceVersionDate "2019.11.06"]
[SourceQuality "1"]
[WhiteTeam "Russia (W)"]
[BlackTeam "Israel (W)"]
[WhiteTeamCountry "RUS"]
[BlackTeamCountry "ISR"]

1. d4 f5 2. Nc3 Nf6 3. Bg5 d5 4. e3 g6 5. h4 Be6 6. Nh3 Bf7 7. Nf4 Bg7 8. h5 Nbd7 9. Be2 c6 10. g4 Qa5 11. gxf5 gxf5 12. Qd2 0-0-0 13. Nd3 h6 14. Bf4 Rde8 15. b4 Qd8 16. Nb5 Qb6 17. Nc7 Ne4 18. Qc1 Reg8 19. Na8 Qd8 20. Qa3 e5 21. dxe5 Kb8 22. Nc7 Qxc7 23. e6 Nd6 24. exf7 Rf8 25. Nc5 Ne5 26. b5 Rxf7 27. Ne6 Qe7 28. Nxg7 Rxg7 29. bxc6 bxc6 30. Qc3 Re8 31. Rb1+ Kc8 32. Bxh6 Rgg8 33. Bf4 Kd7 34. h6 Qf6 35. Qa5 Nec4 36. Bxc4 dxc4 37. h7 Rg6 38. Rd1 1-0

[Event "ISR-ch (Women)"]
[Site "Maalot Tarshiha"]
[Date "2018.12.17"]
[Round "6"]
[White "Nesterovskaya, Anzhelika"]
[Black "Lahav, Michal"]
[Result "1-0"]
[WhiteElo "2130"]
[BlackElo "2059"]
[PlyCount "105"]
[EventDate "2018.12.12"]
[EventType "swiss"]
[EventRounds "9"]
[EventCountry "ISR"]
[SourceTitle "CBM 187 Extra"]
[Source "ChessBase"]
[SourceDate "2018.11.04"]
[SourceVersion "1"]
[SourceVersionDate "2018.11.04"]
[SourceQuality "1"]

1. e4 e6 2. d4 d5 3. Nd2 Be7 4. Bd3 c5 5. c3 cxd4 6. cxd4 dxe4 7. Nxe4 Nf6 8. Nf3 Nc6 9. 0-0 0-0 10. Ng3 Nb4 11. Bb1 b6 12. a3 Nbd5 13. Qe2 Bb7 14. Bd2 Rc8 15. Ne5 Nc7 16. Qe3 Nb5 17. Ne2 g6 18. Bd3 Nd6 19. Ng3 Re8 20. Rfe1 Bf8 21. Qe2 Bg7 22. Rad1 Nf5 23. Nxf5 exf5 24. Bb5 Re6 25. Bg5 Qd6 26. Bxf6 Rxf6 27. Ba6 Bxa6 28. Qxa6 Qc7 29. d5 Rd6 30. Nc6 Bf6 31. b4 Kg7 32. h3 Qd7 33. Rd3 Re8 34. Red1 Ra8 35. a4 Qe8 36. a5 bxa5 37. Qxa5 Qd7 38. b5 Qc8 39. Qa3 Rd7 40. Qc5 Qb7 41. Ra3 Bd8 42. d6 Qb6 43. Qd5 Bf6 44. Ra6 Qb7 45. Qc4 Qc8 46. Qa4 Qe8 47. b6 Rc8 48. bxa7 Rxd6 49. Rxd6 Qe1+ 50. Kh2 Rxc6 51. Rdxc6 Be5+ 52. f4 Qd2 53. fxe5 1-0

[Event "ISR-ch (Women)"]
[Site "Maalot Tarshiha"]
[Date "2018.12.16"]
[Round "5"]
[White "Reprun, Nadejda"]
[Black "Nesterovskaya, Anzhelika"]
[Result "1/2-1/2"]
[WhiteElo "2016"]
[BlackElo "2130"]
[PlyCount "177"]
[EventDate "2018.12.12"]
[EventType "swiss"]
[EventRounds "9"]
[EventCountry "ISR"]
[SourceTitle "CBM 187 Extra"]
[Source "ChessBase"]
[SourceDate "2018.11.04"]
[SourceVersion "1"]
[SourceVersionDate "2018.11.04"]
[SourceQuality "1"]

1. e4 c5 2. Nf3 d6 3. d4 cxd4 4. Nxd4 Nf6 5. Nc3 g6 6. Be2 Bg7 7. 0-0 0-0 8. Re1 a6 9. Bf1 b5 10. a4 b4 11. Nd5 Nxd5 12. exd5 Bb7 13. Nb3 Nd7 14. Bg5 Re8 15. Ra2 Nb6 16. Qd2 Qc7 17. Qxb4 Nxd5 18. Qd2 f6 19. Bh4 a5 20. Bb5 Rec8 21. c4 Nb4 22. Raa1 e5 23. Rad1 d5 24. cxd5 Bxd5 25. Rc1 Qb6 26. Rc3 Rd8 27. Qe2 Na2 28. Rd3 Nb4 29. Rc3 Kh8 30. Nd2 Qd4 31. Bg3 Bxg2 32. Nb3 Qd5 33. Bc4 Qc6 34. Bb5 Qb7 35. f3 Bh3 36. Bf2 Nd5 37. Rc6 Nf4 38. Qc4 Bf5 39. Nc5 Qa7 40. Ne4 Nh3+ 41. Kg2 Nxf2 42. Nxf2 Rd2 43. Re2 Rxe2 44. Qxe2 Qd4 45. Ne4 Qd8 46. Nd6 Be6 47. Qc2 Bf8 48. Ne4 Bf5 49. Bd3 Be7 50. b3 Rc8 51. Ba6 Rxc6 52. Qxc6 Bd7 53. Qc4 f5 54. Nc3 Bb4 55. Ne2 Qg5+ 56. Kf1 f4 57. Bc8 Qf5 58. Bxd7 Qxd7 59. Kg2 Kg7 60. Nc1 Qd2+ 61. Ne2 Qd8 62. Qe6 Qg5+ 63. Kf1 Qf5 64. Qxf5 gxf5 65. Nc1 e4 66. Na2 Bd6 67. Nc3 e3 68. Nb5 Be5 69. Ke2 Kf6 70. Kd3 Kg5 71. Na7 Kh4 72. Nc6 Bc7 73. b4 axb4 74. Nxb4 Kh3 75. Nd5 Bb8 76. Ne7 Kxh2 77. a5 Kg2 78. Ke2 h5 79. Nxf5 Kh3 80. Kf1 Ba7 81. a6 Bb8 82. Ke2 Kg2 83. Nh4+ Kh3 84. Nf5 h4 85. Kf1 Ba7 86. Ke2 Bb8 87. Kf1 Ba7 88. Ke2 Bb8 89. Kf1 1/2-1/2

[Event "ISR-ch (Women)"]
[Site "Tiberias"]
[Date "2016.12.11"]
[Round "7"]
[White "Nesterovskaya, Anzhelika"]
[Black "Len, Irina"]
[Result "0-1"]
[WhiteElo "2173"]
[BlackElo "2140"]
[PlyCount "60"]
[EventDate "2016.12.05"]
[EventType "swiss"]
[EventRounds "9"]
[EventCountry "ISR"]
[SourceTitle "CBM 176 Extra"]
[Source "ChessBase"]
[SourceDate "2017.03.02"]
[SourceVersion "1"]
[SourceVersionDate "2017.03.02"]
[SourceQuality "1"]

1. e4 d5 2. exd5 Qxd5 3. Nc3 Qd6 4. d4 Nf6 5. Nf3 Bg4 6. h3 Bh5 7. g4 Bg6 8. Ne5 Nc6 9. Nxc6 bxc6 10. Bg2 e6 11. h4 h6 12. Qe2 Be7 13. h5 Bh7 14. g5 hxg5 15. h6 gxh6 16. Rxh6 Ng8 17. Rh1 Kf8 18. Qc4 Rb8 19. a3 Bf6 20. Ne2 Ne7 21. b4 Nd5 22. Qb3 a5 23. c4 Ne7 24. Bb2 Bg6 25. 0-0-0 axb4 26. Bc3 Rxh1 27. Rxh1 Kg8 28. Bxb4 c5 29. dxc5 Qe5 30. Qc3 Qxe2 0-1

[Event "ISR-ch (Women)"]
[Site "Tiberias"]
[Date "2016.12.05"]
[Round "1"]
[White "Brusilovski, Lena"]
[Black "Nesterovskaya, Anzhelika"]
[Result "1/2-1/2"]
[WhiteElo "1851"]
[BlackElo "2173"]
[PlyCount "124"]
[EventDate "2016.12.05"]
[EventType "swiss"]
[EventRounds "9"]
[EventCountry "ISR"]
[SourceTitle "CBM 176 Extra"]
[Source "ChessBase"]
[SourceDate "2017.03.02"]
[SourceVersion "1"]
[SourceVersionDate "2017.03.02"]
[SourceQuality "1"]

1. e4 e5 2. Nf3 Nc6 3. Bc4 Nf6 4. d3 Be7 5. Bb3 d6 6. h3 0-0 7. c3 b5 8. 0-0 Na5 9. Bc2 c5 10. Be3 Bb7 11. Qe2 Qc7 12. Nbd2 h6 13. Nh2 Nc6 14. f4 exf4 15. Bxf4 Ne5 16. Rac1 Ng6 17. Bg3 Qa5 18. a3 Rae8 19. Rce1 Qb6 20. Kh1 h5 21. Nhf3 Nd7 22. d4 Bf6 23. Qd3 Qc6 24. b4 Nb6 25. bxc5 dxc5 26. e5 Bd8 27. Qf5 h4 28. Bf2 Nd5 29. Be4 Qa6 30. Ng5 Bxg5 31. Qxg5 Nxc3 32. Bxb7 Qxb7 33. dxc5 Qd5 34. Nf3 a5 35. Bd4 Ne4 36. Qe3 Ng3+ 37. Kg1 Nxf1 38. Kxf1 f6 39. e6 Re7 40. Bc3 Rfe8 41. Nd4 Ne5 42. Nxb5 Qxe6 43. Nd6 Ra8 44. Qe4 Ra6 45. Qxh4 Qd5 46. Bxe5 Rxe5 47. Rxe5 fxe5 48. Qd8+ Kh7 49. Qh4+ Kg6 50. Qg4+ Kh7 51. Qf5+ g6 52. Qd7+ Kg8 53. Qc8+ Kh7 54. Qxa6 Qd1+ 55. Kf2 Qd4+ 56. Ke1 Qa1+ 57. Kf2 Qd4+ 58. Ke2 Qb2+ 59. Kd3 Qb1+ 60. Kc3 Qc1+ 61. Kb3 Qd1+ 62. Kb2 Qd2+ 1/2-1/2

[Event "Al Ain op 1st"]
[Site "Al Ain"]
[Date "2012.12.24"]
[Round "3"]
[White "Malakhova, Elizaveta"]
[Black "Nesterovskaya, Anzhelika"]
[Result "1/2-1/2"]
[WhiteElo "2287"]
[BlackElo "2133"]
[PlyCount "64"]
[EventDate "2012.12.22"]
[EventType "swiss"]
[EventRounds "9"]
[EventCountry "UAE"]
[SourceTitle "CBM 152 Extra"]
[Source "ChessBase"]
[SourceDate "2013.02.25"]
[SourceVersion "1"]
[SourceVersionDate "2013.02.25"]
[SourceQuality "1"]

1. e4 e6 2. d4 d5 3. exd5 exd5 4. Nf3 Nf6 5. Bg5 Be7 6. Bd3 0-0 7. 0-0 h6 8. Bxf6 Bxf6 9. Nbd2 Bg4 10. h3 Bxf3 11. Nxf3 Re8 12. Re1 Nd7 13. c3 Rxe1+ 14. Qxe1 Qe8 15. Qxe8+ Rxe8 16. Re1 Rxe1+ 17. Nxe1 Nf8 18. Nc2 Ne6 19. Ne3 c6 20. Kf1 Kf8 21. Ke2 Nf4+ 22. Kd2 Nxd3 23. Kxd3 Bg5 24. g3 Bxe3 25. Kxe3 Ke7 26. f4 f5 27. a4 h5 28. h4 b6 29. b3 a6 30. Kd3 Kd6 31. b4 b5 32. a5 g6 1/2-1/2

[Event "UKR-ch (Women)"]
[Site "Poltava"]
[Date "2010.11.19"]
[Round "7"]
[White "Nesterovskaya, Anzhelika"]
[Black "Zingaylo, Anastasiya"]
[Result "1-0"]
[WhiteElo "2176"]
[BlackElo "2104"]
[PlyCount "75"]
[EventDate "2010.11.13"]
[EventType "swiss"]
[EventRounds "9"]
[EventCountry "UKR"]
[SourceTitle "CBM 139 Extra"]
[Source "ChessBase"]
[SourceDate "2011.01.05"]
[SourceVersion "1"]
[SourceVersionDate "2011.01.05"]
[SourceQuality "1"]

1. e4 c5 2. Nc3 Nc6 3. Nge2 e6 4. d4 cxd4 5. Nxd4 Nf6 6. Nb3 Be7 7. Bd3 0-0 8. 0-0 b6 9. f4 d6 10. Qf3 e5 11. f5 Nb4 12. g4 d5 13. g5 dxe4 14. Nxe4 Nxe4 15. Bxe4 Ba6 16. Rd1 Qc8 17. c3 Nxa2 18. Be3 Bc4 19. Nd2 Rb8 20. Nxc4 Nxc3 21. bxc3 Qxc4 22. Rxa7 Bc5 23. Bxc5 Qxc5+ 24. Kh1 b5 25. Rdd7 b4 26. Rac7 Qa5 27. cxb4 Rxb4 28. Rxf7 Qa1+ 29. Kg2 Qa2+ 30. Kh3 Rd8 31. Rxg7+ Kh8 32. Rxh7+ Kg8 33. f6 Qe6+ 34. Kg3 Kf8 35. Rh8+ Qg8 36. Rxg8+ Kxg8 37. Qh5 Rb3+ 38. Kg4 1-0

[Event "UKR-ch (Women)"]
[Site "Poltava"]
[Date "2010.11.17"]
[Round "5"]
[White "Nesterovskaya, Anzhelika"]
[Black "Aniper, Veronika"]
[Result "0-1"]
[WhiteElo "2176"]
[BlackElo "1746"]
[PlyCount "140"]
[EventDate "2010.11.13"]
[EventType "swiss"]
[EventRounds "9"]
[EventCountry "UKR"]
[SourceTitle "CBM 139 Extra"]
[Source "ChessBase"]
[SourceDate "2011.01.05"]
[SourceVersion "1"]
[SourceVersionDate "2011.01.05"]
[SourceQuality "1"]

1. e4 e5 2. Nf3 Nc6 3. Bb5 a6 4. Ba4 Nf6 5. 0-0 Be7 6. Re1 b5 7. Bb3 0-0 8. c3 d5 9. exd5 Nxd5 10. Nxe5 Nxe5 11. Rxe5 c6 12. Bxd5 cxd5 13. Qf3 Bd6 14. Re1 Qh4 15. h3 Bd7 16. d4 Rfe8 17. Be3 Re6 18. Nd2 Rf6 19. Qxd5 Bc6 20. Nf3 Qxf2+ 21. Bxf2 Bxd5 22. Re3 Bf4 23. Re2 h6 24. a4 Rb8 25. axb5 Bc4 26. Re7 Rxb5 27. Re8+ Kh7 28. b4 Rg6 29. Be3 Bd5 30. Rf1 Bd6 31. Nh4 Rg3 32. Rf2 Be6 33. Bd2 Rh5 34. Nf3 Bxh3 35. Ne1 Be6 36. Ra8 Rg6 37. Bf4 Be7 38. Nf3 Bd5 39. Rc8 Bh4 40. Rf1 Be4 41. c4 Be7 42. Bd2 Rf5 43. Ne1 Bf6 44. Be3 Rh5 45. Re8 Bc6 46. Rf8 Bh4 47. d5 Bd7 48. R8xf7 Bh3 49. Bf2 Bf6 50. d6 Be5 51. Bc5 Bh2+ 52. Kf2 Bg3+ 53. Ke2 Bg4+ 54. Nf3 Re6+ 55. Kd3 Bxd6 56. Bd4 Rg6 57. c5 Bb8 58. c6 Bf5+ 59. Ke2 Rxg2+ 60. Rf2 Rg6 61. c7 Bxc7 62. Rxc7 Re6+ 63. Kd2 Rg6 64. Ne5 Rd6 65. Kc3 Rh3+ 66. Kc4 Be6+ 67. Kc5 Rd5+ 68. Kc6 Rxd4 69. Rg2 Rc3+ 70. Kb6 Rxb4+ 0-1

[Event "Wch U20 Girls 28th"]
[Site "Chotowa"]
[Date "2010.08.16"]
[Round "13"]
[White "Exler, Veronika"]
[Black "Nesterovskaya, Anzhelika"]
[Result "0-1"]
[WhiteElo "2143"]
[BlackElo "2177"]
[PlyCount "80"]
[EventDate "2010.08.03"]
[EventType "swiss"]
[EventRounds "13"]
[EventCountry "POL"]
[SourceTitle "CBM 137 Extra"]
[Source "ChessBase"]
[SourceDate "2010.09.01"]
[SourceVersion "1"]
[SourceVersionDate "2010.09.01"]
[SourceQuality "1"]

1. d4 Nf6 2. Nf3 c5 3. e3 b6 4. b3 g6 5. Bb2 Bg7 6. Bd3 0-0 7. 0-0 Bb7 8. Nbd2 d6 9. c4 e6 10. Qc2 Nc6 11. a3 Rc8 12. dxc5 bxc5 13. Rfd1 Qe7 14. Rab1 e5 15. Ne4 Ne8 16. Nc3 f5 17. Nd5 Qd7 18. e4 Nd4 19. Nxd4 cxd4 20. Qd2 Bxd5 21. exd5 e4 22. Bf1 d3 23. Bxg7 Qxg7 24. Qb2 Nf6 25. Qd4 g5 26. f3 g4 27. fxe4 fxe4 28. g3 Rce8 29. Re1 Re5 30. Re3 Rf5 31. Bg2 Qf7 32. Ree1 Rf3 33. Bxf3 gxf3 34. Rxe4 Nxe4 35. Qxe4 f2+ 36. Kf1 Qh5 37. h4 d2 38. g4 Qxh4 39. Qg2 Qe7 40. Rd1 Qe1+ 0-1

[Event "Wch U20 Girls 28th"]
[Site "Chotowa"]
[Date "2010.08.15"]
[Round "12"]
[White "Nesterovskaya, Anzhelika"]
[Black "Adamowicz, Katarzyna"]
[Result "0-1"]
[WhiteElo "2177"]
[BlackElo "2123"]
[PlyCount "94"]
[EventDate "2010.08.03"]
[EventType "swiss"]
[EventRounds "13"]
[EventCountry "POL"]
[SourceTitle "CBM 137 Extra"]
[Source "ChessBase"]
[SourceDate "2010.09.01"]
[SourceVersion "1"]
[SourceVersionDate "2010.09.01"]
[SourceQuality "1"]

1. e4 e5 2. Nf3 Nc6 3. Bb5 a6 4. Ba4 Nf6 5. 0-0 b5 6. Bb3 Be7 7. Re1 d6 8. c3 0-0 9. h3 Na5 10. Bc2 c5 11. d4 Qc7 12. a4 Bd7 13. Nbd2 cxd4 14. cxd4 Nc6 15. b3 Nb4 16. Bb1 Qc3 17. Ra3 exd4 18. Nf1 d3 19. Bd2 Qc5 20. Be3 Qc6 21. axb5 Qxb5 22. Nd4 Qb7 23. f3 d5 24. e5 Ne8 25. Ra1 Bh4 26. g3 Be7 27. h4 Bb5 28. f4 f5 29. Ne6 Rf7 30. Bd4 h6 31. Qh5 Qc6 32. Ng5 hxg5 33. e6 Rf8 34. hxg5 Bc5 35. Bxc5 Qxc5+ 36. Kg2 Qc3 37. Re5 Nc6 38. e7 Nxe7 39. Rxe7 Qxa1 40. g6 Nf6 41. Qxf5 Qb2+ 42. Kh1 Bd7 43. Rxd7 Rae8 44. Bxd3 Qxb3 45. Rd6 a5 46. Kg2 a4 47. g4 Nxg4 0-1

[Event "Wch U20 Girls 28th"]
[Site "Chotowa"]
[Date "2010.08.13"]
[Round "10"]
[White "Nesterovskaya, Anzhelika"]
[Black "Saduakassova, Dinara"]
[Result "1-0"]
[WhiteElo "2177"]
[BlackElo "2131"]
[PlyCount "61"]
[EventDate "2010.08.03"]
[EventType "swiss"]
[EventRounds "13"]
[EventCountry "POL"]
[SourceTitle "CBM 137 Extra"]
[Source "ChessBase"]
[SourceDate "2010.09.01"]
[SourceVersion "1"]
[SourceVersionDate "2010.09.01"]
[SourceQuality "1"]

1. e4 c5 2. Nf3 d6 3. d4 cxd4 4. Nxd4 Nf6 5. Nc3 a6 6. Be2 e6 7. 0-0 Qc7 8. f4 b5 9. a3 Bb7 10. Bf3 Nbd7 11. Qe1 Nb6 12. Kh1 Rd8 13. g4 d5 14. e5 Ne4 15. Nce2 g5 16. c3 Bg7 17. fxg5 Bxe5 18. Qh4 0-0 19. Bg2 Qe7 20. Qh5 Bh8 21. Rf3 Nd7 22. Be3 Rfe8 23. Raf1 f6 24. gxf6 Ndxf6 25. Qh3 Nd6 26. Bg5 Rf8 27. Nf4 Bc8 28. Nc6 Qd7 29. Nxd8 Qxd8 30. Nh5 Nde4 31. Qh4 1-0

[Event "UKR-ch sf U18 Girls"]
[Site "Kharkov"]
[Date "2008.10.09"]
[Round "8"]
[White "Nesterovskaya, Anzhelika"]
[Black "Ryjkova, Nina"]
[Result "1-0"]
[WhiteElo "2113"]
[BlackElo "2041"]
[PlyCount "65"]
[EventDate "2008.10.02"]
[EventType "swiss"]
[EventRounds "9"]
[EventCountry "UKR"]
[SourceTitle "EXT 2010"]
[Source "ChessBase"]
[SourceDate "2010.11.25"]
[SourceVersion "1"]
[SourceVersionDate "2010.11.25"]
[SourceQuality "1"]

1. e4 c5 2. Nf3 e6 3. d4 cxd4 4. Nxd4 a6 5. Bd3 Qc7 6. 0-0 Nf6 7. Qe2 d6 8. c4 Be7 9. Nc3 0-0 10. f4 Nbd7 11. Bc2 b6 12. g4 Bb7 13. g5 Ne8 14. Be3 Rc8 15. f5 Qxc4 16. Qxc4 Rxc4 17. Bb3 Bxg5 18. Bxg5 Rxd4 19. fxe6 Nef6 20. exd7 Bxe4 21. Bxf6 gxf6 22. Nxe4 Rxe4 23. Rxf6 Re7 24. Rxd6 Rd8 25. Rad1 Re2 26. Rc6 Kf8 27. Rc8 Ke7 28. Rxd8 Kxd8 29. Bxf7 Rxb2 30. Be6 b5 31. Rc1 Rd2 32. Rc8+ Ke7 33. Re8+ 1-0

[Event "Ilichevsk Sunny Pawn op"]
[Site "Ilichevsk"]
[Date "2008.07.28"]
[Round "8"]
[White "Gonchar, Mariya"]
[Black "Nesterovskaya, Anzhelika"]
[Result "1-0"]
[WhiteElo "1921"]
[BlackElo "2095"]
[PlyCount "91"]
[EventDate "2008.07.20"]
[EventType "swiss"]
[EventRounds "10"]
[EventCountry "UKR"]
[SourceTitle "CBM 125 Extra"]
[Source "ChessBase"]
[SourceDate "2008.09.01"]
[SourceVersion "1"]
[SourceVersionDate "2008.09.01"]
[SourceQuality "1"]

1. d4 Nf6 2. Nf3 e6 3. c4 Nc6 4. a3 d5 5. Nc3 Be7 6. Bg5 h6 7. Bh4 Ne4 8. Bxe7 Nxe7 9. e3 c6 10. Qc2 f5 11. Bd3 0-0 12. Ne5 Qe8 13. 0-0 Nf6 14. Rac1 Nd7 15. Nxd7 Qxd7 16. b4 f4 17. Be2 dxc4 18. Bxc4 f3 19. Qe4 fxg2 20. Qxg2 Nf5 21. Kh1 Nh4 22. Qg3 Qe7 23. Ne2 Kh8 24. Nf4 g5 25. Nd3 Rf5 26. Ne5 Qd8 27. Qh3 a5 28. Qxf5 Nxf5 29. Nf7+ Kg7 30. Nxd8 Kf6 31. b5 cxb5 32. Bxb5 Ke7 33. Nc6+ bxc6 34. Bxc6 Ra7 35. Rc5 Kd6 36. Re1 Ne7 37. Kg2 Ra6 38. Bf3 Bd7 39. Rb1 Ng6 40. Be4 Ne7 41. Bb7 Bc6+ 42. Bxc6 Nxc6 43. Rcb5 Ra7 44. Rb6 Rc7 45. Rc1 Kd7 46. Kg3 1-0

[Event "Ilichevsk Sunny Pawn op"]
[Site "Ilichevsk"]
[Date "2008.07.26"]
[Round "7"]
[White "Nesterovskaya, Anzhelika"]
[Black "Goroshkova, Liudmila"]
[Result "1/2-1/2"]
[WhiteElo "2095"]
[BlackElo "2006"]
[PlyCount "79"]
[EventDate "2008.07.20"]
[EventType "swiss"]
[EventRounds "10"]
[EventCountry "UKR"]
[SourceTitle "CBM 125 Extra"]
[Source "ChessBase"]
[SourceDate "2008.09.01"]
[SourceVersion "1"]
[SourceVersionDate "2008.09.01"]
[SourceQuality "1"]

1. e4 c5 2. Nf3 d6 3. d4 cxd4 4. Nxd4 Nf6 5. Nc3 a6 6. Be3 e6 7. Be2 Be7 8. 0-0 b5 9. a3 Bb7 10. f3 0-0 11. Qe1 Nc6 12. Rd1 Qc7 13. Kh1 Ne5 14. Bc1 Nc4 15. Bd3 Rac8 16. Nce2 Ne5 17. f4 Nxd3 18. cxd3 Nd7 19. Qg3 Bf6 20. f5 e5 21. Nf3 d5 22. exd5 Bxd5 23. Nc3 Bb3 24. Rde1 Nc5 25. Nxe5 Bxe5 26. Rxe5 Nxd3 27. f6 g6 28. Bf4 Nxe5 29. Bxe5 Qc4 30. Rf4 Qc5 31. Qg5 Rfe8 32. Re4 Re6 33. h3 Rce8 34. Qh6 Qf8 35. Qf4 Qc5 36. Qh6 Qf8 37. Qf4 Qc5 38. Qh6 Qf8 39. Qf4 Qc5 40. Qh6 1/2-1/2

[Event "UKR-ch sf U18 Girls"]
[Site "Evpatoria"]
[Date "2007.10.06"]
[Round "5"]
[White "Nesterovskaya, Anzhelika"]
[Black "Bodrova, Nadezhda"]
[Result "1/2-1/2"]
[WhiteElo "2135"]
[BlackElo "2077"]
[PlyCount "67"]
[EventDate "2007.10.02"]
[EventType "swiss"]
[EventRounds "9"]
[EventCountry "UKR"]
[SourceTitle "EXT 2023"]
[Source "ChessBase"]
[SourceDate "2022.10.05"]
[SourceVersion "1"]
[SourceVersionDate "2022.10.05"]
[SourceQuality "1"]

1. e4 c5 2. Nf3 Nc6 3. c3 e5 4. d4 cxd4 5. cxd4 exd4 6. Nxd4 d5 7. Bb5 Bb4+ 8. Bd2 Bxd2+ 9. Qxd2 Nge7 10. exd5 Qxd5 11. Nxc6 Qxd2+ 12. Nxd2 Nxc6 13. Bxc6+ bxc6 14. Rc1 0-0 15. 0-0 Be6 16. b3 Bd5 17. Nc4 Rfe8 18. Ne3 Be4 19. Rc3 Rad8 20. h3 h6 21. Re1 Re6 22. Nc4 Rd3 23. Rxd3 Bxd3 24. Rxe6 fxe6 25. Ne5 Be4 26. f3 Bd5 27. Kf2 Kf8 28. Ke3 Ke7 29. Kd4 Kd6 30. Nf7+ Ke7 31. Ne5 Kd6 32. Nf7+ Ke7 33. Ne5 Kd6 34. Nf7+ 1/2-1/2

[Event "UKR Games (Women) 3rd"]
[Site "Evpatoria"]
[Date "2007.05.25"]
[Round "7"]
[White "Tsirulnik, Maritsa"]
[Black "Nesterovskaya, Anzhelika"]
[Result "1/2-1/2"]
[WhiteElo "2081"]
[BlackElo "2043"]
[PlyCount "78"]
[EventDate "2007.05.21"]
[EventType "team"]
[EventRounds "7"]
[EventCountry "UKR"]
[SourceTitle "CBM 118 Extra"]
[Source "ChessBase"]
[SourceDate "2007.07.04"]
[SourceVersion "1"]
[SourceVersionDate "2007.07.04"]
[SourceQuality "1"]

1. e4 e5 2. Nf3 Nc6 3. Bb5 a6 4. Ba4 Nf6 5. 0-0 b5 6. Bb3 Be7 7. Re1 0-0 8. c3 d6 9. d4 Bg4 10. d5 Nb8 11. h3 Bh5 12. Nbd2 Nfd7 13. Nf1 Qe8 14. Ng3 Bg6 15. a4 Nb6 16. axb5 axb5 17. Rxa8 Nxa8 18. c4 bxc4 19. Bxc4 Nb6 20. Bd3 N8d7 21. b4 Kh8 22. Qc2 Qb8 23. Be3 f5 24. Bxb6 Nxb6 25. Qd2 fxe4 26. Bxe4 Bxe4 27. Nxe4 Qb7 28. Nc3 Rf4 29. b5 g5 30. Qd3 Qc8 31. g3 Rc4 32. Kg2 Qa8 33. Rd1 Qa3 34. Qf5 Qxc3 35. Nxg5 Qc2 36. Rd3 Qxd3 37. Qxd3 Bxg5 38. Qf5 h6 39. Qf8+ Kh7 1/2-1/2

[Event "UKR-ch sf (Women)"]
[Site "Evpatoria"]
[Date "2007.05.04"]
[Round "5"]
[White "Nesterovskaya, Anzhelika"]
[Black "Sulejmanova, Ava"]
[Result "0-1"]
[WhiteElo "2043"]
[BlackElo "2233"]
[PlyCount "54"]
[EventDate "2007.04.30"]
[EventType "swiss"]
[EventRounds "9"]
[EventCountry "UKR"]
[SourceTitle "EXT 2008"]
[Source "ChessBase"]
[SourceDate "2007.11.25"]
[SourceVersion "1"]
[SourceVersionDate "2007.11.25"]
[SourceQuality "1"]

1. e4 c5 2. Nf3 Nc6 3. d4 cxd4 4. Nxd4 Nf6 5. Nc3 e5 6. Ndb5 d6 7. Bg5 a6 8. Na3 b5 9. Nd5 Qa5+ 10. Bd2 Qd8 11. Be3 Nxd5 12. Qxd5 Qc7 13. c3 Be6 14. Qd2 Rd8 15. f4 d5 16. exd5 Rxd5 17. Qf2 Bxa3 18. bxa3 exf4 19. Bxf4 Qa5 20. Qg3 Nd4 21. Qxg7 Qxc3+ 22. Kf2 Qb2+ 23. Be2 Qxe2+ 24. Kg1 Qb2 25. Qxh8+ Kd7 26. Qb8 Qxa1+ 27. Kf2 Qb2+ 0-1

[Event "UKR-ch sf (Women)"]
[Site "Evpatoria"]
[Date "2007.04.30"]
[Round "1"]
[White "Goreskul, Alyona"]
[Black "Nesterovskaya, Anzhelika"]
[Result "1-0"]
[WhiteElo "2265"]
[BlackElo "2043"]
[PlyCount "73"]
[EventDate "2007.04.30"]
[EventType "swiss"]
[EventRounds "9"]
[EventCountry "UKR"]
[SourceTitle "EXT 2008"]
[Source "ChessBase"]
[SourceDate "2007.11.25"]
[SourceVersion "1"]
[SourceVersionDate "2007.11.25"]
[SourceQuality "1"]

1. e4 e5 2. Bc4 Nf6 3. d3 Nc6 4. Nc3 Be7 5. f4 d6 6. Nf3 Bg4 7. h3 Bxf3 8. Qxf3 Nd4 9. Qf2 Qd7 10. Be3 Ne6 11. f5 Nd8 12. g4 h6 13. a4 c6 14. Qf3 b6 15. h4 Nb7 16. g5 Ng8 17. Qh5 Bf8 18. 0-0-0 0-0-0 19. Qxf7 Qxf7 20. Bxf7 Kc7 21. Rdg1 Nc5 22. Bxg8 Rxg8 23. gxh6 d5 24. Bxc5 Bxc5 25. Rxg7+ Kb8 26. Rh3 Rh8 27. h7 Bf8 28. Rf7 d4 29. Ne2 Rc8 30. Rg3 Rc7 31. Rxf8+ Rxf8 32. Rg8 Rxh7 33. Rxf8+ Kc7 34. f6 Rxh4 35. f7 Rh1+ 36. Kd2 Rf1 37. Ra8 1-0